000
00332nam a2200133Ia 4500
008
240624s9999 xx 000 0 und d
041
_a
eng
082
_a
338.7 PAC
100
_a
PACKARD DAVID
245
_a
HP WAY HOW BILL HEWLETT AND I BUILT OUR
260
_c
2006
_a
New York
_b
HarperCollins
300
_a
256 : p.
365
_c
_b
25
999
_c
19489
_d
19489